000 00788nam a2200277Ia 4500
003 OSt
005 20221005085236.0
006 a|||||r|||| 00| 0
007 ta
008 221004b |||||||| |||| 00| 0 eng d
024 _a37791
037 _cTextual
040 _aCRL
_cCRL
_beng
041 _2eng
_aeng
082 _aO111973,3M43:g, J6
100 _aDupee F. W.
_956403
110 _aGift from Prof Amitava Banerjee, London
245 0 _aHenry James
260 _aNew York
_bDell Publishing USA
_c1956
300 _a265p.
_ccm.
490 _aAmerican men of letters series
650 _aENGLISH LITERATURE
700 _aGift from Prof Amitava Banerjee, London
942 _hO111973,3M43:g, J6
_cTEXL
_2cc
999 _c993947
_d993947